000 00950nam a22002537a 4500
008 130821s2000 sp a gr spa
020 _a8480130539
040 _aCo-BoUCM
_bspa
041 0 0 _aspa
060 0 0 _aQT 260
100 1 _aGarcía Manso, Juan Manuel
245 1 0 _aBases teóricas del entrenamiento deportivo (principios y aplicaciones)
_cJuan Manuel García Manso, Manuel Navarro Valdivieso, José A. Ruiz Caballero,
260 _aMadrid (España)
_bGymnos Editorial
_c2000
300 _a518 páginas
_bilustraciones, cuadros, tablas
490 0 _aColección Entrenamiento Deportivo
650 0 4 _aDeportes
_9388
650 0 4 _aEjercicio
_913933
650 0 4 _aEntrenamiento atlético
_914624
650 0 4 _aMedicina deportiva
_919146
700 1 _aNavarro Valdivieso, Manuel
700 1 _aRuíz Caballero, José Antonio
830 _aBibliografía Básica Medio Universitario.
942 _cLIBRO
_a15
_e1
_mG216b
_2NLM
_hQT 260
_n0
999 _c83114
_d83114